000 00837nam a2200229Ia 4500
003 IN-BaIIA
008 211028s9999 xx 000 0 eng d
040 _cIIA Library
080 _a523.4
_bREP
110 _aJet propulsion laboratory (U.S.)
_94956
245 0 _aReport from mars
_bMariner IV 1964-1965
_cJet propulsion laboratory (U.S.) and National aeronautics and space administration
260 _aWashington
_bNational Aeronautics and Space Administration
_c1966
300 _a45p.
490 _aNASA EP; 39
650 _aAstronomy and astrophysics thesaurus
650 _aMars probes
_94957
650 _aMars probes -- United States
_94958
650 _aPlanet Mars
_91263
650 _aProject Mariner (U.S.)
_94959
710 _aNational aeronautics and space administration
_94960
942 _cBK
999 _c2771
_d2771